000 01196namaa22003011i 4500
005 20260405131218.0
008 260405b ua a|||frm||| 000 0 eng d
040 _aEG-GICUC
_beng
_cEG-GICUC
_dEG-GICUC
_erda
041 0 _aeng
_beng
_bara
049 _aDeposit
097 _aPh.D
099 _aCai01.12.21.Ph.D.1995.Su.E.
100 0 _aSuzan Botros Abdel-Missih,
_epreparation.
245 1 0 _aEcological And Taxonomical Studies OfFishes Of Family Soleidae From Egyptian Waters /
_cBy Suzan Botros Abdel-Missih; Supervised By Prof. Dr. Helmy M. Bishai.
246 1 5 _aدراسات بيئية وتصنيفية على أسماك عائلة موسى بالمياه المصرية /
264 0 _c1995.
300 _a395 pages :
_billustrations ;
_c30 cm. +
336 _2rda content
_atext
337 _2rdamedia
_aUnmediated
338 _2rdacarrier
_avolume
502 _aThesis (Ph.D)-Cairo University,1995.
504 _aBibliography: pages 377-395.
653 0 _aZoology
700 0 _aHelmy M. Bishai
_ethesis advisor.
900 _DDepartment of Zoology
_FFaculty of Science
_UCairo University
_b1995
_cHelmy M. Bishai
905 _aEman El gebaly
942 _2ddc
_cTH
_e21
_n0
999 _c179202